000 01245nam a2200301 a 4500
999 _c129984
_d129984
001 632681
003 ARRUPE
005 20191112113720.0
008 930715s1992 et a b 100 0 eng
010 _a 92982768
020 _a9290532025
040 _aDLC
_cDLC
043 _afb-----
050 0 0 _aHD9275.A3572
_bD35 1992
245 0 0 _aDairy marketing in sub-Saharan Africa :
_bproceedings of a symposium held at ILCA, Addis Ababa, Ethiopia, 26-30 November 1990 /
_cedited by Ray F. Brokken and Senait Seyoum.
260 _aAddis Ababa, Ethiopia :
_bInternational Livestock Centre for Africa,
_c[1992]
300 _avi, 392 p. :
_bill. ;
_c21 cm.
500 _a"May 1992."
504 _aIncludes bibliographical references.
650 0 _aDairy products
_zAfrica, Sub-Saharan
_xMarketing
_xCongresses.
_948544
650 0 _aDairy products industry
_zAfrica, Sub-Saharan
_xCongresses.
_948545
700 1 _aBrokken, Ray F.
_948546
700 0 _aSenait Seyoum.
_948547
710 2 _aInternational Livestock Centre for Africa.
_948548
906 _a7
_bcbc
_corignew
_d3
_encip
_f19
_gy-gencatlg
942 _2lcc
_cMONOGRAPH